Super Smash Bros. Series Symbols - Statistics

General Stats
  • This quiz has been taken 48 times
  • The average score is 40 of 58
Answer Stats
Picture Answer % Correct
Animal Crossing
95%
Donkey Kong
95%
Duck Hunt
95%
Final Fantasy
95%
Kirby
92%
Mario
92%
Castlevania
89%
EarthBound
89%
Mii
89%
Kid Icarus
86%
Metroid
86%
Pac-Man
86%
Pokémon
86%
Sonic the Hedgehog
86%
Star Fox
86%
The Legend of Zelda
86%
Wario
86%
Yoshi
86%
Bayonetta
84%
Game & Watch
84%
Punch-Out!!
84%
Wii Fit
84%
Fire Emblem
81%
Ice Climber
81%
Metal Gear
81%
Persona
81%
Splatoon
81%
Super Smash Bros.
81%
Street Fighter
78%
ARMS
76%
Nintendogs
76%
Banjo-Kazooie
73%
F-Zero
73%
Pikmin
73%
Xenoblade Chronicles
73%
Kingdom Hearts
70%
Mega Man
70%
R.O.B.
70%
Balloon Fight
68%
Dragon Quest
65%
Minecraft
65%
Nintendo DS
65%
Assist Trophy
62%
Fatal Fury
59%
Tekken
54%
Pilotwings
51%
Other
41%
Tomodachi
41%
World of Light
41%
Miiverse
38%
Wrecking Crew
38%
Wii Sports
35%
Electroplankton
30%
Custom Stages
24%
Subspace
24%
Metal Mario
22%
StreetPass Mii Plaza
16%
Battlefield
8%
No matching quizzes found
Score Distribution
Percent of People with Each Score
Percentile by Number Answered
Your Score History
You have not taken this quiz